| 000 | 00722nam a2200229 i 4500 | ||
|---|---|---|---|
| 001 | 49602 | ||
| 003 | ES-MaACL | ||
| 005 | 20230906162026.0 | ||
| 007 | t| | ||
| 008 | 030718s1969 sp ||||1| spa d | ||
| 100 | 1 |
_aCoste, René. _941140 |
|
| 245 | 1 | 0 |
_aEvangelio y política / _cRené Coste ; traducción de José Mª de Llanos. |
| 260 |
_aMadrid : _bCuadernos para el Diálogo, _c1969. |
||
| 300 |
_a315 p. ; _c19 cm. |
||
| 490 | 1 |
_aReligión y mundo ; _v4 |
|
| 650 | 0 | 0 |
_aCristianismo y política- _yS.XX. _911440 |
| 700 | 1 |
_aLlanos, José María de. _972709 |
|
| 710 | 2 |
_aCuadernos para el Diálogo. _93333 |
|
| 830 | 1 |
_aReligión y mundo ; _v4 _9182796 |
|
| 852 |
_aES-MaACL _jC-51053 |
||
| 999 |
_c49602 _d49602 |
||